Statistics for Southern Hemisphere Countries by HDI

Click here to take the quiz!

General Stats

  • This quiz has been taken 34 times
  • The average score is 17 of 20

Answer Stats

HDICountry% Correct
0.938Australia
100%
0.767Brazil
100%
0.854Chile
100%
0.921New Zealand
100%
0.703South Africa
100%
0.824Uruguay
100%
0.705Bolivia
97%
0.725Paraguay
97%
0.840Argentina
93%
0.728Botswana
93%
0.760Peru
90%
0.758Ecuador
87%
0.796Mauritius
87%
0.724Fiji
83%
0.801Seychelles
77%
0.717Tonga
70%
0.814Palau
67%
0.707Indonesia
63%
0.698Marshall Islands
40%
0.702Gabon
37%

Score Distribution

Percentile by Number Answered

Percent of People with Each Score

Your Score History

You have not taken this quiz